De las sucesiones

Uloženo v:
Podrobná bibliografie
Hlavní autor: Polacco, Vittorio (Autor)
Médium: Kniha
Jazyk:španělština
Vydáno: Buenos Aires Jurídicas Europa-América 1950
Vydání:2a. ed
Témata:
Tagy: Přidat tag
Žádné tagy, Buďte první, kdo vytvoří štítek k tomuto záznamu!

MARC

LEADER 00000nam a2200000 a 4500
001 UCS1103
003 CL-VaPUC
008 970509e19500000AG |||||||||||||||||spa|d
082 0 4 |a 346.05  |b POL  |2 21 
100 0 |a Polacco, Vittorio  |e author  |9 385202 
245 1 0 |a De las sucesiones 
250 |a 2a. ed 
300 |a 2 v 
942 |c BK 
945 |d 19970509 00:00:00  |a cmena 
260 |a Buenos Aires  |b Jurídicas Europa-América  |c 1950 
500 |a v.1: Sucesiones legítimas y testamentarias 
500 |a v.2: Disposiciones comunes a las sucesiones legítimas y testamentarias 
650 0 |a Derecho sucesorio  |9 255015 
650 0 |a Testamento  |9 258220 
650 0 |a Herencia  |9 256325 
650 0 |a Herederos  |9 357054 
650 0 |a Derecho civil  |9 255013 
650 7 |a RESPONSABILIDAD CIVIL  |2 CL-VaPUC  |9 385203 
650 0 |a Código civil  |9 256135 
650 0 |a Derecho privado  |9 258243 
651 0 |a Argentina  |9 254888 
583 |a last modification  |c 19970509 00:00:00  |k Rodrigo Vera 
999 |c 259208  |d 259206 
952 |0 0  |1 0  |4 0  |6 346_050000000000000_POL_1950  |7 0  |8 X  |9 283831  |a BIBDER  |b BIBDER  |d 2019-11-19  |h v.1  |i 1844040  |o 346.05 POL 1950  |p 1844040  |r 2023-01-25  |w 2019-11-19  |y BK_X  |k DER 
952 |0 0  |1 0  |4 0  |6 346_050000000000000_POL_1950  |7 0  |8 X  |9 283832  |a BIBDER  |b BIBDER  |d 2019-11-19  |h v.2  |i 1844059  |o 346.05 POL 1950  |p 1844059  |r 2023-01-25  |w 2019-11-19  |y BK_X  |k DER 
952 |0 0  |1 0  |4 0  |6 346_050000000000000_POL_1950  |7 0  |8 X  |9 283833  |a BIBDER  |b BIBDER  |d 2019-11-19  |h v.1  |i 1844695  |o 346.05 POL 1950  |p 1844695  |r 2023-01-25  |w 2019-11-19  |y BK_X  |k DER 
952 |0 0  |1 0  |4 0  |6 346_050000000000000_POL_1950  |7 0  |8 X  |9 283834  |a BIBDER  |b BIBDER  |d 2019-11-19  |h v.2  |i 1844709  |o 346.05 POL 1950  |p 1844709  |r 2023-01-25  |w 2019-11-19  |y BK_X  |k DER